000 00516nam a2200193Ia 4500
005 20250508154253.0
008 008 250505s9999 xx 000 0 eng d
037 _aTextual
040 _aFEDL
_beng
_cFEDL
041 _aeng
_2eng
084 _a370.947, LEV
_qFEDL
100 _aLevin Deana
_9627748
245 0 _aSoviet education today
260 _aNew York, USA
_bJohn De Graff
_c1959
300 _a170p.
650 _aEducation
942 _cTEXL
_h370.947, LEV
999 _c1349269
_d1349269